| 000 | 01066nam a2200277Ia 4500 | ||
|---|---|---|---|
| 003 | OSt | ||
| 005 | 20200715163428.0 | ||
| 008 | 191128s1991 ck a gr 000 0 spa d | ||
| 020 | _a9586530159 | ||
| 040 |
_aCO-JMCR _cCO-JMCR |
||
| 041 | 0 | _aspa | |
| 082 | 0 | 4 |
_a330.9861 / _bE182s2 _223 |
| 100 | 1 |
_aEchavarría Olózaga, Hernán, _eautor _97079 |
|
| 245 | 1 | 3 |
_aEl sentido común en la economía colombiana : _btextos de lectura para universitarios / |
| 250 | _a6a edición | ||
| 260 |
_aBogotá : _bLegis, _c1991. |
||
| 300 |
_a250 páginas : _bilustraciones a blanco y negro ; _c23 cm. |
||
| 490 | 0 | _aFondo editorial | |
| 505 | 0 | _aOrganización de la producción -- Formación de la renta nacional -- Distribución de la capacidad productora -- Los mercados y el poder de compra -- Comercio exterior -- Los impuestos -- Elementos de desarrollo económico | |
| 650 | 1 | 4 |
_aEconomía colombiana _97340 |
| 650 | 2 | 4 |
_aEconomía _97341 |
| 650 | 2 | 4 |
_aRenta nacional _97342 |
| 650 | 2 | 4 |
_aMercados _97343 |
| 650 | 2 | 4 |
_aComercio exterior _94820 |
| 942 |
_2ddc _cBK |
||
| 999 |
_c5516 _d5516 |
||